书目信息 |
| 题名: |
李斯
|
|
| 作者: | 冯惠民 著 | |
| 分册: | ||
| 出版信息: | 北京 中华书局 1981 |
|
| 页数: | 30页 | |
| 开本: | 19cm | |
| 丛书名: | 中国历史小丛书 | |
| 单 册: | ||
| 中图分类: | B226.65 | |
| 科图分类: | ||
| 主题词: | ||
| 电子资源: | ||
| ISBN: | ||
| 000 | 00630nam2 2200253 45 | |
| 001 | 0181004491 | |
| 005 | 20060810095503.84 | |
| 010 | @dCNY0.10 | |
| 091 | @aCN@b11018.994 | |
| 100 | @a19950527d1981 em y0chiy0121 ea | |
| 101 | 0 | @achi |
| 102 | @aCN@b110000 | |
| 105 | @af z 000yb | |
| 200 | 10 | @a李斯@Ali si@f冯惠民著 |
| 210 | @a北京@c中华书局@d1981 | |
| 215 | @a30页@c插图@d19cm | |
| 225 | 2 | @a中国历史小丛书 |
| 410 | 0 | @120010@a中国历史小丛书 |
| 600 | 0 | @a李斯@x传记 |
| 690 | @aB226.65@v3 | |
| 701 | 0 | @a冯惠民@Afeng hui min@4著 |
| 801 | 2 | @aCN@bNLC@c20060810 |
| 801 | 0 | @aCN@bTSSF |
| 905 | @a10447@dB226.65@e257 | |
| 李斯/冯惠民著.-北京:中华书局,1981 |
| 30页:插图;19cm.-(中国历史小丛书) |
| ISBN :CNY0.10 |
| ● |
| 相关链接 |
|
|
|
|
正题名:李斯
索取号:B226.65/257
 
预约/预借
| 序号 | 登录号 | 条形码 | 馆藏地/架位号 | 状态 | 备注 |
| 1 | 0448345 | 204483451 | 密集书库/ [索取号:B226.65/257] | 在馆 |